000 00257 a2200109 4500
001 71092
040 _cAnchieta - Colégio São Paulo
240 1 0 _aGincana CSP 2012
_l
245 1 0 _aGincana CSP 2012
650 4 _aRecreação e artes performativas
942 _cMX
999 _c71092
_d71092